000 00358pab a2200157 454500
008 180718b2009 xxu||||| |||| 00| 0 eng d
100 _aDesai, Mihir
245 _aRed herring in police reforms
260 _c2009
300 _ap.8-11.
362 _a7 Mar
650 _aPolice
773 _aEconomic and Political Weekly
908 _aN
909 _a81644
999 _c81644
_d81644